Crafts from your microwave

Bibliographic Details
Main Author: Jenkins, Alison
Other Authors: Morris, Kate
Format: Book
Published: London : New Burlington Books , 1994
Subjects:

MARC

LEADER 00000cam a2200000 7i4500
001 0000006444
002 000006954
005 20000330.0
020 |a 1853486221 
090 0 0 |a 745.5   |b JEN 
100 1 |a Jenkins, Alison 
245 1 0 |a Crafts from your microwave   |c Alison Jenkins and kate morris 
260 |a London :   |b New Burlington Books ,   |c 1994 
300 |a 112 p. :   |b ill. ;   |c 29 cm. 
650 0 0 |a Handicrafts (Microwave aren method) 
700 1 |a Morris, Kate 
999 |a 038026   |b BUKU   |c PINJAMAN   |e PERPUSTAKAAN KOMUNITI PETALING JAYA 
999 |a 081710   |b BUKU   |c PINJAMAN   |e PERPUSTAKAAN KOMUNITI PETALING JAYA 
999 |a 081711   |b BUKU   |c PINJAMAN   |e PERPUSTAKAAN KOMUNITI PETALING JAYA